000 01321nam a2200313 a 4500
005 20080811105156.0
008 070914s2007 ii b 001 0 eng
010 _aENG-91811
020 _c200.00
035 _aEN-75344
037 _bDBAD / PUB
040 _adpl
_bEnglish
082 _a954.52
245 _aBengal nawābs, containing Āzād-āl-Husaini’s Naubahār-i-Murshid Quli Khāni, Karam ʻAli’s Muzaffarnamah, and Yusuf ʻAli’s Āhwāl-i-Mahābat Jang / /
_ctranslated into English by Jadu Nath Sarkar
260 _aKolkata :
_bThe Asiatic Society,
_c2008(repr.).
270 _a1 Park Street
_bKolkata
_e700016
300 _aii, 156p.
_c24 cm (Hb)
490 _aSir William Jones bicentenary series
500 _aReprint. Originally published: 1952.
546 _aIncludes words in Bengali and Sanskrit
_b(roman)
651 _aBengal (India)
_xPolitics and government.
700 _aSarkar, Jadu Nath
_cSir,
_d1870-1958.
700 _aĀzād-āl-Husaini.
700 _aKaram ʻAli.
700 _aYusuf ʻAli.
710 _aAsiatic Society (Calcutta, India)
942 _2ddc
_cEN
_mBEN
_h954.52
999 _c19070
_d19070